| 000 | 00000nam##2200000za#4500 |
| 001 | 9.643579 |
| 003 | CaOODSP |
| 005 | 20240228150754 |
| 007 | cr ||||||||||| |
| 008 | 150407|2015||||xxc|||||o f|0| 0 fre|d |
| 020 | |a978-0-660-23278-2 |
| 040 | |aCaOODSP|bfre |
| 043 | |an-cn--- |
| 086 | 1 |aEm12-4/2015F-PDF |
| 110 | 1 |aCanada. |bEmploi et développement social Canada. |
| 245 | 10|aVous pensez à votre avenir? : |h[ressource électronique]|bplanifiez dès maintenant de vieillir chez vous |
| 260 | |aGatineau - Québec : |bEmploi et Développement social Canada |c2015. |
| 300 | |a20p.|bréférences |
| 590 | |a15-12|b2015-03-20 |
| 691 | 07|aPlanification|2gcpds |
| 691 | 07|aVieillissement|2gcpds |
| 775 | 08|tThinking about your future? : |w(CaOODSP)9.699601 |
| 856 | 40|ahttp://publications.gc.ca|qPDF|s1750 Ko|uhttps://publications.gc.ca/collections/collection_2015/edsc-esdc/Em12-4-2015-fra.pdf |
| 986 | |aNº de cat. : SSD-134-03-15 |